000 00528nam a2200193 4500
003 AR-RoIUNI
005 20220325162139.0
008 220325b xxu||||| |||| 00| 0 spa d
020 _a9789874649624
040 _cIUNIR
080 _a616-053.2 MED
245 1 _aMedicina interna pediátrica
_bGuía Práctica
_cDr. Daniel Montero... [et.al.]
250 _a1a. ed.
260 _aBuenos Aires
_bPfizer
_c2016
300 _a240 p.
_c12x18 cm.
650 1 0 _9218
_aMedicina interna
650 1 0 _9125
_aPediatría
942 _2cdu
_cBK
999 _c5415
_d5415